000 00686nab a2200181 4500
001 244442
003 OSt
005 20240910083253.0
007 tu
008 200917s2020|||||||
040 _aDE-2950
_cDE-2950
245 0 0 _aFestnahme in Frankfurt wegen Terrorverdacht
_bSicherheit. Im Zusammenhang mit Anschlagsplänen auf ein Konzert von Taylor Swift in Wien hat die Polizei am Mittwoch einen Syrer (15) verhaftet. Was bisher bekannt ist/
_cLisa Larossa, Thomas Gutke, Leonard Palm
264 _c2024
653 _aFrankfurt (Oder)
653 _aTerrorverdacht
773 0 _g35. Jahrgang (2024) Nr. 209 vom 06.09.2024, S. 13, mit Foto
_tMärkische Oderzeitung
942 _2z
_cA
999 _c373323
_d373323